[Event "ch-Commonwealth"]
[Site "Mumbai IND"]
[Date "2004.01.12"]
[Round "3"]
[White "Russell,MKA"]
[Black "Fenil,S"]
[Result "1-0"]
[WhiteElo "2219"]
[BlackElo "1974"]
[EventDate "2004.01.10"]

1. e4 e6 2. Qe2 Ne7 3. g3 Ng6 4. Bg2 Be7 5. Nf3 O-O 6. O-O d5 7. d4 c5 8.
Rd1 Nc6 9. dxc5 Bxc5 10. Nc3 d4 11. Na4 Be7 12. b3 e5 13. c3 Bg4 14. h3
Bxf3 15. Qxf3 b5 16. Nb2 Qb6 17. c4 a6 18. h4 Rfd8 19. Bh3 Nf8 20. h5 Nd7
21. Bh6 Nf6 22. Bg5 Ne8 23. Bxe7 Nxe7 24. Nd3 Qd6 25. Rac1 Nc6 26. cxb5
axb5 27. Rxc6 Qxc6 28. Qxf7+ Kxf7 29. Nxe5+ Kf8 30. Nxc6 Rd6 31. Nb4 d3 32.
e5 Rd4 33. Nc6 Rd5 34. Bg2 Rc5 35. Nb4 Rd8 36. Rxd3 Rc1+ 37. Bf1 Rxd3 38.
Nxd3 Ra1 39. Nc5 Nc7 40. a4 Rc1 41. axb5 Rxc5 42. b6 Na6 43. Bxa6 Rc6 44.
b7 Rb6 45. Bc4 Rxb7 46. f4 g6 47. Kf2 Re7 48. hxg6 hxg6 49. Kf3 Kg7 50. Ke4
Rd7 51. g4 Rd8 52. f5 gxf5+ 53. gxf5 Rd1 54. f6+ Kg6 55. Be6 Re1+ 56. Kd5
Rd1+ 57. Kc6 Rd4 58. Bd5 Rb4 59. Kc5 Rb8 60. Be6 Rd8 61. b4 Rd1 62. b5 Re1
63. Kd6 Rb1 64. Bd7 Kf7 65. Bc6 Rb4 66. Bd7 Kf8 67. e6 Kg8 68. f7+ Kf8 1-0

[Event "ch-Commonwealth"]
[Site "Mumbai IND"]
[Date "2004.01.13"]
[Round "4"]
[White "Neelotpal,D"]
[Black "Feldman,V"]
[Result "1/2-1/2"]
[WhiteElo "2461"]
[BlackElo "2322"]
[EventDate "2004.01.10"]

1. e4 c5 2. Nf3 d6 3. d4 cxd4 4. Nxd4 Nf6 5. Nc3 a6 6. Be2 e5 7. Nb3 Be7 8.
O-O O-O 9. Kh1 Nc6 10. f3 Be6 11. Be3 d5 12. exd5 Nxd5 13. Nxd5 Qxd5 14. c3
Qxd1 15. Rfxd1 Rad8 16. Bb6 Rxd1+ 17. Rxd1 Rc8 18. Kg1 1/2-1/2

[Event "ch-Commonwealth"]
[Site "Mumbai IND"]
[Date "2004.01.13"]
[Round "4"]
[White "Iuldachev,S"]
[Black "Laxman,R"]
[Result "0-1"]
[WhiteElo "2559"]
[BlackElo "2335"]
[EventDate "2004.01.10"]

1. e4 c5 2. Nc3 Nc6 3. f4 e6 4. Nf3 d5 5. Bb5 Nge7 6. exd5 exd5 7. Qe2 Bg4
8. Bxc6+ bxc6 9. O-O Qd6 10. h3 Bxf3 11. Rxf3 g6 12. b3 Bg7 13. Ba3 O-O 14.
Qf2 Nf5 15. Rd3 Nd4 16. Rf1 Rfe8 17. Kh1 h5 18. Na4 Re2 19. Qg3 Qe6 20.
Bxc5 Nf5 21. Qf3 Nh4 22. Qg3 Nxg2 23. Bf2 Nxf4 24. Qxf4 Be5 25. Qf3 Bc7 26.
Bg1 f5 27. Re3 Rxe3 28. Qxe3 Qf7 29. Re1 Rf8 30. Qe6 Bg3 31. Re2 f4 32.
Qxf7+ Kxf7 33. Kg2 g5 34. Bc5 Rg8 35. Bf2 g4 36. hxg4 hxg4 37. Re1 Bxf2 38.
Kxf2 Rh8 39. Rg1 Rh4 40. d4 Kf6 41. c4 dxc4 42. bxc4 Kf5 43. Nc5 Rh2+ 44.
Rg2 Rh1 45. Rg1 Rh2+ 46. Rg2 Rh3 47. Kg1 Rc3 48. Re2 f3 49. Re8 Kf4 50.
Rf8+ Ke3 51. Re8+ Kxd4 52. Nb3+ Kd3 53. Rg8 Rxc4 54. Kf2 Rc2+ 55. Kf1 Rc4
56. Kf2 Rc2+ 57. Kf1 Rg2 58. Rg6 g3 59. Rf6 Rf2+ 60. Kg1 Ke4 61. Nc5+ Kd4
62. Nb3+ Ke5 63. Rf8 Kd5 64. Rg8 Rg2+ 65. Kf1 Kc4 66. Rg4+ Kc3 67. Nc5 Kb2
68. a4 Rc2 69. Nd3+ Kc3 70. Rxg3 Kxd3 71. Rxf3+ Kc4 72. Ke1 Kb4 73. Kd1 Rc4
74. Rf7 a5 75. Kd2 Kxa4 76. Kd3 Rc5 77. Kd4 Kb5 78. Rb7+ Ka6 79. Rb8 Rc1
80. Kd3 a4 81. Kd2 Rc5 82. Ra8+ Kb5 83. Rb8+ Ka5 84. Ra8+ Kb4 85. Rb8+ Ka3
86. Rb6 Ka2 87. Rb4 a3 88. Rb6 Ka1 89. Rb3 a2 90. Rb6 Rb5 91. Rxc6 Kb2 92.
Rc2+ Kb3 93. Rc3+ Kb4 94. Rc1 Rd5+ 0-1

[Event "ch-Commonwealth"]
[Site "Mumbai IND"]
[Date "2004.01.13"]
[Round "4"]
[White "Mishra,S"]
[Black "Vakhidov,T"]
[Result "1/2-1/2"]
[WhiteElo "2227"]
[BlackElo "2515"]
[EventDate "2004.01.10"]

1. e4 e5 2. Nf3 Nc6 3. Nc3 Nf6 4. d4 Bb4 5. Nxe5 Bxc3+ 6. bxc3 Qe7 7. Nxc6
Qxe4+ 8. Be2 Qxc6 9. O-O O-O 10. Qd3 d5 11. Bf4 Ne4 12. c4 dxc4 13. Qxc4
Nc3 14. Rfe1 Nxe2+ 15. Qxe2 Be6 16. Qd3 Rad8 17. c3 1/2-1/2

[Event "ch-Commonwealth"]
[Site "Mumbai IND"]
[Date "2004.01.13"]
[Round "4"]
[White "Gokhale,C"]
[Black "Ganguly,S"]
[Result "1/2-1/2"]
[WhiteElo "2372"]
[BlackElo "2541"]
[EventDate "2004.01.10"]

1. d4 Nf6 2. Nf3 c5 3. d5 b5 4. a4 Bb7 5. axb5 Nxd5 6. e4 Nb6 7. Nc3 g6 8.
Be3 d6 9. Qd2 N8d7 10. Bh6 Nf6 11. Bxf8 Rxf8 12. Qf4 e5 13. Qh4 Nxe4 14.
Nxe4 Qxh4 15. Nxd6+ Kd7 16. Nxh4 Kxd6 17. Rd1+ Kc7 18. Nf3 Bxf3 19. gxf3
Rfd8 20. Bd3 f5 21. h4 h5 22. Rg1 Rd6 23. Be2 Nd5 24. Bc4 Nf4 25. Rxd6 Kxd6
26. Kd2 Rd8 27. Kc3 Kc7 28. Ra1 Kb8 29. Ra6 Rd7 30. Rf6 Rg7 31. b4 cxb4+
32. Kxb4 Kb7 33. Kc5 Rc7+ 34. Kb4 Rg7 35. Rf8 Re7 36. Rg8 Kb6 37. Rf8 Kb7
38. Rf6 Rg7 39. Kc5 Rc7+ 40. Kb4 Rg7 41. Kc5 Rc7+ 1/2-1/2

[Event "ch-Commonwealth"]
[Site "Mumbai IND"]
[Date "2004.01.13"]
[Round "4"]
[White "Koneru,H"]
[Black "Saptarshi,R"]
[Result "1-0"]
[WhiteElo "2498"]
[BlackElo "2329"]
[EventDate "2004.01.10"]

1. d4 d5 2. c4 e6 3. Nf3 c6 4. Nc3 f5 5. Bf4 Nf6 6. e3 Be7 7. Qc2 O-O 8.
Be2 Ne4 9. Nxe4 dxe4 10. Nd2 Nd7 11. h3 c5 12. O-O-O cxd4 13. exd4 b6 14.
g4 Bg5 15. Bd6 Re8 16. h4 Bxh4 17. f3 Bb7 18. Qb3 Nf8 19. c5 Be7 20. Bb5
Bxd6 21. cxd6 Bd5 22. Qa3 exf3 23. Bxe8 Qxe8 24. gxf5 exf5 25. Kb1 Rc8 26.
Rhf1 Qb5 27. Nxf3 Rc4 28. Qe3 Ra4 29. b3 Ra3 30. Nd2 g6 31. Kb2 Qb4 32.
Rxf5 Ra5 33. Rxf8+ Kxf8 34. d7 Qa3+ 35. Kc3 Qe7 36. Rf1+ Bf7 37. Qxe7+ Kxe7
38. Rxf7+ 1-0

[Event "ch-Commonwealth"]
[Site "Mumbai IND"]
[Date "2004.01.13"]
[Round "4"]
[White "Kunte,A"]
[Black "Sareen,V"]
[Result "1/2-1/2"]
[WhiteElo "2512"]
[BlackElo "2371"]
[EventDate "2004.01.10"]

1. c4 e5 2. Nc3 Nc6 3. e3 Nf6 4. a3 d5 5. cxd5 Nxd5 6. Qc2 Nxc3 7. bxc3 Bd6
8. Nf3 O-O 9. e4 f5 10. Bd3 f4 11. Bc4+ Kh8 12. h4 Qe7 13. Ng5 Nd8 14. Qa2
Bg4 15. d3 h6 16. a4 Bh5 17. Nf3 Nc6 18. a5 Rab8 19. Bd5 Qe8 20. Bd2 Ne7
21. Be6 b6 22. axb6 1/2-1/2

[Event "ch-Commonwealth"]
[Site "Mumbai IND"]
[Date "2004.01.13"]
[Round "4"]
[White "Dzhumaev,M"]
[Black "Harika,D"]
[Result "1-0"]
[WhiteElo "2498"]
[BlackElo "2329"]
[EventDate "2004.01.10"]

1. e4 c5 2. Nf3 e6 3. d3 Nc6 4. g3 g6 5. d4 cxd4 6. Nxd4 Bg7 7. Nb5 d5 8.
exd5 exd5 9. Bf4 Bxb2 10. N1c3 Nf6 11. Bg2 O-O 12. O-O d4 13. Ne2 d3 14.
cxd3 Nh5 15. Bh6 Bg7 16. Bxg7 Nxg7 17. d4 a6 18. Nbc3 Bg4 19. h3 Bxe2 20.
Nxe2 Nf5 21. d5 Ne5 22. Nf4 Qd6 23. Rb1 b5 24. Be4 Ne7 25. Re1 Rfe8 26. Rb2
Nc8 27. Rbe2 Nb6 28. Bg2 Nbc4 29. h4 Re7 30. Nh3 Rae8 31. Ng5 Qa3 32. Ne4
Nf3+ 33. Bxf3 Qxf3 34. Qd4 Ne5 35. Ng5 Qf5 36. d6 Nc6 37. Rxe7 Nxd4 38.
Rxe8+ Kg7 39. d7 Qxd7 40. R1e7 Qd5 41. Rxf7+ Qxf7 42. Nxf7 Kxf7 43. Ra8 1-0

[Event "ch-Commonwealth"]
[Site "Mumbai IND"]
[Date "2004.01.13"]
[Round "4"]
[White "Meenakshi,S"]
[Black "Thipsay,P"]
[Result "0-1"]
[WhiteElo "2328"]
[BlackElo "2486"]
[EventDate "2004.01.10"]

1. d4 Nf6 2. c4 g6 3. Nf3 Bg7 4. g3 O-O 5. Bg2 d6 6. O-O Nbd7 7. Qc2 e5 8.
Rd1 Qe7 9. Nc3 c6 10. e4 exd4 11. Nxd4 Re8 12. b3 Nc5 13. f3 a5 14. Bb2 h5
15. h4 Nfd7 16. Nde2 Ne5 17. Nf4 a4 18. Rab1 axb3 19. axb3 Qc7 20. Bc1 Na6
21. Be3 Nc5 22. Nce2 Ra3 23. Bc1 Ra8 24. Be3 f5 25. Bd4 fxe4 26. fxe4 Bg4
27. b4 Ne6 28. Bxe5 dxe5 29. Nxe6 Bxe6 30. Kh2 Red8 31. Bh3 Bf7 32. Rf1 Bh6
33. Rbd1 Qe7 34. Rxd8+ Rxd8 35. Qc3 Bd2 36. Qf3 Bxc4 37. Rd1 Bxb4 38. Rb1
Bxe2 39. Qb3+ Kg7 40. Qxb4 Qxb4 41. Rxb4 b5 42. Rb2 Bd3 43. Rd2 c5 44. Bf1
c4 45. Kg1 b4 46. Kf2 Rf8+ 0-1

[Event "ch-Commonwealth"]
[Site "Mumbai IND"]
[Date "2004.01.13"]
[Round "4"]
[White "Iskusnyh,S"]
[Black "Lahiri,A"]
[Result "1-0"]
[WhiteElo "2482"]
[BlackElo "2325"]
[EventDate "2004.01.10"]

1. d4 e6 2. c4 b6 3. e4 Bb7 4. Bd3 Bb4+ 5. Bd2 Qe7 6. Nf3 f5 7. exf5 exf5+
8. Kf1 Nf6 9. Bxb4 Qxb4 10. Qd2 Qe7 11. Nc3 Bxf3 12. gxf3 O-O 13. Re1 Qb4
14. a3 Qb3 15. Kg2 Nc6 16. Bb1 Na5 17. Ba2 1-0

[Event "ch-Commonwealth"]
[Site "Mumbai IND"]
[Date "2004.01.13"]
[Round "4"]
[White "Tilak,S"]
[Black "Sriram,J"]
[Result "1-0"]
[WhiteElo "2310"]
[BlackElo "2450"]
[EventDate "2004.01.10"]

1. e4 c5 2. Nc3 Nc6 3. g3 g6 4. Bg2 Bg7 5. d3 e6 6. f4 d6 7. Nf3 Nge7 8.
O-O O-O 9. Be3 Nd4 10. Bf2 Nec6 11. Nxd4 Nxd4 12. e5 dxe5 13. fxe5 Bxe5 14.
Ne4 Qc7 15. c3 Nf5 16. Nxc5 Rb8 17. d4 Bg7 18. g4 Nd6 19. Bg3 e5 20. Bd5 b6
21. dxe5 Qxc5+ 22. Bf2 Qb5 23. exd6 Bxg4 24. Qxg4 Qxd5 25. Rad1 Qxa2 26. d7
Rbd8 27. Qe4 f5 28. Qc6 Qf7 29. Bg3 Bf6 30. Bc7 Ra8 31. Rfe1 f4 32. Bxf4
Bxc3 33. Rf1 Bd4+ 34. Rxd4 g5 35. Qxa8 1-0

[Event "ch-Commonwealth"]
[Site "Mumbai IND"]
[Date "2004.01.13"]
[Round "4"]
[White "Bakre,T"]
[Black "Ramakrishna,J"]
[Result "1-0"]
[WhiteElo "2446"]
[BlackElo "2308"]
[EventDate "2004.01.10"]

1. e4 c5 2. Nf3 d6 3. d4 cxd4 4. Nxd4 Nf6 5. Nc3 g6 6. Be3 Bg7 7. f3 O-O 8.
Qd2 Nc6 9. Bc4 Bd7 10. O-O-O Rc8 11. Bb3 Ne5 12. Kb1 Nc4 13. Bxc4 Rxc4 14.
g4 b5 15. b3 Rc8 16. Ndxb5 a6 17. Nd4 Qc7 18. Nde2 Nxg4 19. Nd5 Qxc2+ 20.
Qxc2 Rxc2 21. Kxc2 1-0

[Event "ch-Commonwealth"]
[Site "Mumbai IND"]
[Date "2004.01.13"]
[Round "4"]
[White "Rathnakaran,K"]
[Black "Vijayalakshmi,S"]
[Result "0-1"]
[WhiteElo "2309"]
[BlackElo "2444"]
[EventDate "2004.01.10"]

1. g3 d5 2. Bg2 Nf6 3. d3 c6 4. Nd2 e5 5. e4 Bd6 6. Ngf3 O-O 7. O-O Re8 8.
Re1 Bg4 9. h3 Bxf3 10. Qxf3 Nbd7 11. g4 Nc5 12. c3 Qc7 13. Nf1 Rad8 14. Ng3
Be7 15. Bf1 Ne6 16. Nf5 dxe4 17. dxe4 Nd7 18. h4 Ndf8 19. Nxe7+ Rxe7 20. h5
h6 21. Bc4 b5 22. Bb3 Nf4 23. Bxf4 exf4 24. Kg2 Qe5 25. Rad1 Rxd1 26. Rxd1
Nd7 27. Qe2 Qg5 28. f3 Nf6 29. Kf1 Kh7 30. Rd6 g6 31. hxg6+ fxg6 32. Qf2 h5
33. gxh5 Nxh5 34. Rxc6 Ng3+ 35. Ke1 Qh5 36. Rd6 Rxe4+ 37. Kd2 Re2+ 38. Qxe2
Nxe2 39. Rd7+ Kh6 40. Kxe2 Qh2+ 41. Kd1 Qh1+ 42. Kd2 Qxf3 43. Bd1 Qe3+ 44.
Kc2 Qe4+ 45. Rd3 Qg2+ 46. Kb3 Qf1 47. Kc2 g5 48. a4 Qg2+ 49. Kb1 g4 0-1

[Event "ch-Commonwealth"]
[Site "Mumbai IND"]
[Date "2004.01.13"]
[Round "4"]
[White "Singh,Ri"]
[Black "Murshed,N"]
[Result "0-1"]
[WhiteElo "2285"]
[BlackElo "2436"]
[EventDate "2004.01.10"]

1. c4 g6 2. Nc3 Bg7 3. g3 Nf6 4. Bg2 O-O 5. e4 d6 6. Nge2 Nc6 7. O-O e5 8.
d3 Nd4 9. Nxd4 exd4 10. Ne2 Nd7 11. b4 c5 12. Bf4 Qe7 13. Qd2 cxb4 14. Qxb4
Nc5 15. Qd2 f5 16. f3 fxe4 17. fxe4 Be6 18. Nc1 Rac8 19. Nb3 b5 20. Bg5
Rxf1+ 21. Rxf1 Qd7 22. Nxc5 dxc5 23. cxb5 Qxb5 24. Rc1 Qa4 25. Be7 c4 26.
dxc4 Rxc4 27. Rxc4 Qxc4 28. a3 d3 29. Bb4 Bd4+ 30. Kh1 Qc2 31. Bf1 Qxd2 32.
Bxd2 Bc4 33. Kg2 Kf7 34. Kf3 Ke6 35. Be3 Ke5 36. Bf4+ Kf6 37. Bd2 a6 38. a4
Ke6 39. h4 h5 40. Kf4 Kf6 41. Kf3 Ke6 42. Kf4 Be5+ 43. Kf3 Bd6 44. Bc3 Be7
45. Kf4 Bc5 46. Bd2 Bd6+ 47. Kf3 Kd7 48. g4 Be7 49. gxh5 gxh5 50. Be1 Kc6
51. Bd2 Bxh4 52. Ke3 Kc5 53. Kf4 Be7 54. e5 0-1

[Event "ch-Commonwealth"]
[Site "Mumbai IND"]
[Date "2004.01.13"]
[Round "4"]
[White "Sahu,S"]
[Black "Prasad,D"]
[Result "0-1"]
[WhiteElo "2277"]
[BlackElo "2395"]
[EventDate "2004.01.10"]

1. c4 Nf6 2. g3 c5 3. Bg2 Nc6 4. Nc3 d6 5. Nf3 g6 6. O-O Bg7 7. a3 O-O 8.
Rb1 Bf5 9. d3 Qd7 10. b4 Rac8 11. Nd5 Nxd5 12. cxd5 Nd4 13. bxc5 dxc5 14.
Nh4 b6 15. Nxf5 Nxf5 16. Bb2 Rcd8 17. Bxg7 Kxg7 18. a4 e6 19. dxe6 Qxe6 20.
a5 c4 21. axb6 axb6 22. e4 Nd4 23. dxc4 Qxc4 24. Rb2 b5 25. Qe1 Rfe8 26.
Rb4 Qc5 27. Qb1 Ne2+ 28. Kh1 Nc3 29. Qb2 Rd4 30. Rxd4 Qxd4 31. h4 b4 32.
Ra1 Rd8 33. e5 Re8 34. f4 Qe3 35. e6 Rxe6 36. Qxb4 Qxg3 37. Qd4+ Kh6 38. f5
Rd6 39. Qb4 Nd1 40. fxg6 hxg6 41. Kg1 Qf2+ 42. Kh2 Rd4 0-1

[Event "ch-Commonwealth"]
[Site "Mumbai IND"]
[Date "2004.01.13"]
[Round "4"]
[White "Himanshu,Sh"]
[Black "Pratibha,Y"]
[Result "1-0"]
[WhiteElo "2380"]
[BlackElo "2229"]
[EventDate "2004.01.10"]

1. c4 e6 2. Nc3 c6 3. e4 d5 4. d4 dxe4 5. Nxe4 Nd7 6. Nf3 Ngf6 7. Nxf6+
Nxf6 8. Bd3 c5 9. dxc5 Bxc5 10. O-O h6 11. b4 Be7 12. Qb3 O-O 13. Rd1 Qc7
14. Bb2 Rd8 15. Be5 Qb6 16. c5 Qc6 17. Rac1 a6 18. a4 Bd7 19. b5 axb5 20.
axb5 Qc8 21. c6 bxc6 22. bxc6 Be8 23. c7 Rd5 24. Qb1 Nd7 25. Bh7+ Kf8 26.
Rxd5 exd5 27. Bf5 Kg8 28. h4 Qa6 29. Qa1 Rc8 30. Rb1 g6 31. Bh3 f5 32. Rb8
Nxb8 33. cxb8=Q Rxb8 34. Bxb8 Bf6 35. Be5 Kf7 36. Bf4 Bd7 37. g3 Kg7 38.
Ne5 d4 39. Nxd7 d3 40. Be5 Kf7 41. Bc3 Be7 42. Ne5+ Ke8 43. f4 Bxh4 44.
Nxg6 1-0

[Event "ch-Commonwealth"]
[Site "Mumbai IND"]
[Date "2004.01.13"]
[Round "4"]
[White "Yogesh,G"]
[Black "Venkatesh,M"]
[Result "1/2-1/2"]
[WhiteElo "2268"]
[BlackElo "2392"]
[EventDate "2004.01.10"]

1. Nf3 c5 2. g3 Nc6 3. Bg2 g6 4. c4 Bg7 5. Nc3 d6 6. d3 e5 7. h4 h6 8. Bd2
Nge7 9. a3 Be6 10. Rb1 d5 11. cxd5 Nxd5 12. Rc1 Nxc3 13. bxc3 c4 14. d4 Bd5
15. Rh2 e4 16. Ng1 Na5 17. Qc2 Nb3 18. Bxe4 Nxc1 19. Bxc1 O-O 20. Bxd5 Qxd5
21. e4 Rfe8 22. f3 a5 23. Ne2 Qb5 24. e5 Qb3 25. Qe4 b5 26. h5 Ra6 27. hxg6
Rxg6 28. f4 b4 29. f5 Rxg3 30. Nxg3 Qxc3+ 31. Kd1 Qxg3 32. Rg2 Qb3+ 33. Ke1
Kh8 34. Rxg7 Kxg7 35. Bxh6+ Kh8 36. Qh4 Qb1+ 37. Bc1+ Kg8 38. Qg5+ Kh8 39.
Qf6+ Kg8 40. Qg5+ Kh8 41. Qh5+ Kg8 42. Qg5+ Kh8 1/2-1/2

[Event "ch-Commonwealth"]
[Site "Mumbai IND"]
[Date "2004.01.13"]
[Round "4"]
[White "Deepan,C"]
[Black "Nikhilesh,K"]
[Result "1/2-1/2"]
[WhiteElo "2388"]
[BlackElo "2261"]
[EventDate "2004.01.10"]

1. Nf3 Nf6 2. g3 g6 3. Bg2 Bg7 4. O-O O-O 5. d4 d5 6. c4 dxc4 7. Na3 Nc6 8.
Nxc4 Be6 9. b3 Bd5 10. Bb2 a5 11. Rc1 a4 12. bxa4 Ra6 13. Ne3 Be4 14. Ne5
Bxg2 15. Kxg2 Qa8 16. Nxc6 bxc6 17. Rc4 Nd7 18. Kg1 Nb6 19. Rc2 Nxa4 20.
Ba3 Nc3 21. Rxc3 Rxa3 22. Rxa3 Qxa3 23. d5 cxd5 24. Qxd5 Ra8 25. Rb1 e6 26.
Qc4 Qxa2 27. Rb8+ Bf8 28. Rxa8 Qxa8 29. Qxc7 Qa2 30. Kf1 Qa1+ 31. Kg2 Qa2
32. Ng4 1/2-1/2

[Event "ch-Commonwealth"]
[Site "Mumbai IND"]
[Date "2004.01.13"]
[Round "4"]
[White "Gopal,G"]
[Black "Shetty,R"]
[Result "0-1"]
[WhiteElo "2233"]
[BlackElo "2382"]
[EventDate "2004.01.10"]

1. e4 c5 2. Nf3 d6 3. Bb5+ Nd7 4. d4 Ngf6 5. O-O a6 6. Bxd7+ Nxd7 7. Nc3
cxd4 8. Qxd4 e6 9. Rd1 f6 10. a4 Be7 11. Qc4 Ne5 12. Nxe5 fxe5 13. b3 Bd7
14. Ne2 O-O 15. Ba3 b5 16. Qd3 Qb6 17. Qe3 Qc7 18. axb5 axb5 19. Bb4 h6 20.
Nc3 Bc6 21. Qh3 Qd7 22. Qd3 Rxa1 23. Rxa1 d5 24. Bxe7 Qxe7 25. Rf1 Qc5 26.
exd5 exd5 27. b4 Qd6 28. Rb1 d4 29. Ne4 Qg6 30. Ng3 Qf7 31. f3 Rc8 32. Re1
Qc7 33. Qf5 Re8 34. Ne4 Qd7 35. Qg6 Qe6 36. Qxe6+ Rxe6 37. Nc5 Re8 38. Kf2
Kf7 39. Ra1 Ra8 40. Rxa8 Bxa8 41. Ke2 g5 42. h3 Bd5 43. Nd3 Kf6 44. Nf2
Bc4+ 45. Nd3 h5 46. Kd2 h4 47. Ke1 Kf5 48. Nc5 Bd5 49. Nd3 e4 50. fxe4+
Bxe4 51. Kf1 Ba8 52. Kf2 Ke4 53. Ne1 Kf4 54. Nf3 Bxf3 55. gxf3 Kf5 56. Kf1
Ke5 57. Ke2 Ke6 58. Kd2 Kd6 59. Ke2 Ke6 60. Kd2 Kd6 61. Ke2 Ke5 62. Kd2 Kf4
63. Kd3 Kxf3 64. Kxd4 g4 65. c4 g3 66. cxb5 g2 67. b6 g1=Q+ 0-1

[Event "ch-Commonwealth"]
[Site "Mumbai IND"]
[Date "2004.01.14"]
[Round "5"]
[White "Shetty,R"]
[Black "Kunte,A"]
[Result "0-1"]
[WhiteElo "2382"]
[BlackElo "2512"]
[EventDate "2004.01.10"]

1. e4 e5 2. Nf3 Nc6 3. Bc4 Bc5 4. c3 Nf6 5. d3 a6 6. O-O d6 7. Nbd2 O-O 8.
Bb3 Ba7 9. h3 Ne7 10. Re1 Ng6 11. Nc4 Be6 12. Ng5 Bd7 13. Be3 b5 14. Nd2 c5
15. a4 h6 16. Ngf3 Bc6 17. axb5 axb5 18. Bc2 Bb6 19. d4 Qc7 20. d5 Bd7 21.
Rxa8 Rxa8 22. b4 c4 23. Nf1 Bxe3 24. Nxe3 Ra3 25. Nd2 Nf4 26. Nb1 Ra2 27.
h4 Qa7 28. f3 g5 29. hxg5 hxg5 30. Kh2 g4 31. fxg4 Kf8 32. Kg3 Nxg4 33.
Nxg4 Bxg4 34. Kxg4 f5+ 35. Kf3 Qg7 36. g3 Qg4+ 37. Kf2 Nd3+ 38. Kf1 Qh3+
0-1

[Event "ch-Commonwealth"]
[Site "Mumbai IND"]
[Date "2004.01.14"]
[Round "5"]
[White "Short,N"]
[Black "Prasad,D"]
[Result "1-0"]
[WhiteElo "2702"]
[BlackElo "2395"]
[EventDate "2004.01.10"]

1. e4 c5 2. b3 Nc6 3. Bb2 e5 4. Bc4 Nf6 5. d3 d6 6. Nc3 Be7 7. Nge2 O-O 8.
O-O a6 9. a4 Nd4 10. h3 Be6 11. f4 Nd7 12. f5 Bxc4 13. dxc4 Bg5 14. Nd5 Nf6
15. Nec3 Kh8 16. Nxf6 Qxf6 17. Nd5 Qh6 18. Kh2 g6 19. c3 Nc6 20. f6 Qh5 21.
Rf3 Rae8 22. g3 Re6 23. Kg2 Rc8 24. a5 Nb8 25. Qd3 Nd7 26. Raf1 Bh6 27. b4
Bg5 28. Ba3 Bh6 29. R3f2 Bg5 30. bxc5 Nxc5 31. Bxc5 dxc5 32. h4 Bh6 33. Qe2
Qxe2 34. Rxe2 g5 35. Kh3 gxh4 36. Kxh4 Rg8 37. Rf5 Rd8 38. Rb2 Rd7 39. Rf1
Re8 40. Rfb1 Rb8 41. Rb6 1-0

[Event "ch-Commonwealth"]
[Site "Mumbai IND"]
[Date "2004.01.14"]
[Round "5"]
[White "Poobesh Anand,S"]
[Black "Iskusnyh,S"]
[Result "0-1"]
[WhiteElo "2360"]
[BlackElo "2482"]
[EventDate "2004.01.10"]

1. d4 d5 2. c4 c6 3. Nc3 Nf6 4. cxd5 cxd5 5. Bf4 Nc6 6. e3 a6 7. Bd3 Bg4 8.
Nge2 e6 9. O-O Be7 10. Rc1 O-O 11. h3 Bh5 12. Qb3 Na5 13. Qc2 Rc8 14. Be5
Bg6 15. Bxg6 hxg6 16. Bxf6 gxf6 17. e4 dxe4 18. Qxe4 f5 19. Qf3 b5 20. a3
Nc4 21. Rc2 Qb6 22. g4 Rfd8 23. gxf5 exf5 24. Nd5 Qd6 25. Nxe7+ Qxe7 26.
Rfc1 Re8 27. b3 Nd2 28. Qe3 Rxc2 29. Rxc2 Qxe3 30. fxe3 Nxb3 31. Kf2 Na5
32. Rc3 Nc4 33. Nf4 Rd8 34. h4 Kg7 35. Ke2 Rh8 36. Ng2 Kf6 37. Rc1 Re8 38.
Kd3 Nxa3 39. Rc6+ Re6 40. Rc7 Nc4 41. d5 Re5 42. Kd4 Re4+ 43. Kc5 Nxe3 44.
Nxe3 Rxe3 45. Ra7 Rc3+ 46. Kd6 f4 47. Rxa6 f3 48. Kd7+ Ke5 49. d6 f2 0-1

[Event "ch-Commonwealth"]
[Site "Mumbai IND"]
[Date "2004.01.14"]
[Round "5"]
[White "Smirnov,P"]
[Black "Harikrishna,P"]
[Result "1-0"]
[WhiteElo "2609"]
[BlackElo "2582"]
[EventDate "2004.01.10"]

1. e4 e5 2. Nf3 Nc6 3. Bb5 Nf6 4. O-O Nxe4 5. d4 Nd6 6. Bxc6 dxc6 7. dxe5
Nf5 8. Qxd8+ Kxd8 9. Nc3 Bd7 10. h3 h6 11. b3 Kc8 12. Bb2 Ne7 13. Rad1 Ng6
14. Rd2 Be7 15. Rfd1 Be6 16. Nd4 Bg5 17. Re2 Bd7 18. e6 fxe6 19. Nxe6 Bf6
20. Na4 Bxb2 21. Nxb2 Re8 22. Rde1 Re7 23. Nxg7 Rxg7 24. Re8+ Bxe8 25.
Rxe8+ Kd7 26. Rxa8 Nf4 27. g3 Nxh3+ 28. Kg2 Nf4+ 29. Kf1 Nd5 30. Rxa7 b6
31. Nd3 c5 32. Ra8 Ne7 33. Rf8 Ke6 34. Nf4+ Ke5 35. Rh8 Ng8 36. Nh5 Rg6 37.
Rh7 Kd6 38. Nf4 Rg5 39. c4 Re5 40. Nd5 b5 41. Nxc7 bxc4 42. bxc4 Re4 43.
Nb5+ Kc6 44. Na7+ Kb6 45. Nc8+ Ka5 46. Nd6 Rd4 47. Ra7+ Kb4 48. a3+ Kb3 49.
Ra6 h5 50. a4 h4 51. gxh4 Rxh4 52. a5 Ne7 53. Rb6+ Kc2 54. a6 Rh1+ 55. Kg2
Ra1 56. Nb5 Kd3 57. a7 Nc8 58. Rc6 Nxa7 59. Rxc5 Ra6 60. Nxa7 Rxa7 61. f4
Ke4 62. Kg3 Kd4 63. Rd5+ Kxc4 64. Rd1 Kc5 65. Kg4 Rg7+ 66. Kh5 1-0

[Event "ch-Commonwealth"]
[Site "Mumbai IND"]
[Date "2004.01.14"]
[Round "5"]
[White "Thipsay,P"]
[Black "Palit,S"]
[Result "1-0"]
[WhiteElo "2486"]
[BlackElo "2348"]
[EventDate "2004.01.10"]

1. e4 c5 2. Nf3 a6 3. Nc3 d6 4. d4 cxd4 5. Nxd4 Nf6 6. Be2 e5 7. Nb3 Be7 8.
Bg5 Be6 9. Bxf6 Bxf6 10. O-O O-O 11. Qd3 Nc6 12. Nd5 Bg5 13. Rfd1 f5 14.
Bf3 g6 15. c3 Kh8 16. Ne3 Bxe3 17. Qxe3 Bxb3 18. axb3 f4 19. Qd3 Rf6 20. b4
Na7 21. Qd5 Qb6 22. Qa5 Qc6 23. Rd5 Raf8 24. Be2 Qd7 25. Rad1 Nc6 26. Qb6
h5 27. f3 g5 28. b5 axb5 29. Bxb5 g4 30. Bxc6 bxc6 31. Rxe5 Qf7 32. Rg5
gxf3 33. gxf3 Rg6 34. Rxg6 Qxg6+ 35. Kh1 Qe6 36. Rg1 c5 37. Qc7 Qf6 38. Qd7
Rf7 39. Qh3 Qh6 40. Qh4 Rg7 41. Rxg7 Kxg7 42. Qe7+ Kg8 43. b4 cxb4 44. cxb4
h4 45. Qd8+ Kg7 46. Qd7+ Kf8 47. Kg2 Qg5+ 48. Kh3 Qg1 49. Qxd6+ Kg7 50.
Qxf4 Qe1 51. b5 Qf2 52. Qxh4 Qf1+ 53. Kg4 Qg2+ 54. Qg3 Qc2 55. b6 Qc8+ 56.
Kh4+ Kf8 57. Qd6+ Ke8 58. Qe5+ 1-0

[Event "ch-Commonwealth"]
[Site "Mumbai IND"]
[Date "2004.01.14"]
[Round "5"]
[White "Deshmukh,A"]
[Black "Bakre,T"]
[Result "0-1"]
[WhiteElo "2340"]
[BlackElo "2446"]
[EventDate "2004.01.10"]

1. c4 c5 2. Nc3 Nc6 3. g3 g6 4. Bg2 Bg7 5. Nf3 Nh6 6. O-O Nf5 7. e3 O-O 8.
d3 e6 9. Bd2 a6 10. a3 Rb8 11. Rb1 b5 12. cxb5 axb5 13. b4 cxb4 14. axb4
Bb7 15. Qb3 Qb6 16. Ne4 Nce7 17. Bc3 Bxc3 18. Qxc3 Nd5 19. Nf6+ Nxf6 20.
Qxf6 Bxf3 21. Bxf3 d5 22. Rbc1 Rbc8 23. Rxc8 Rxc8 24. Bxd5 Qd6 25. Bb3 Ng7
26. Ra1 Ne8 27. Qd4 Qxd4 28. exd4 Rc3 29. Bd1 Nc7 30. Bf3 Rxd3 31. Ra7 Rxf3
32. Rxc7 Rb3 33. d5 exd5 34. Rd7 Rxb4 35. Rxd5 Kg7 36. Rd6 g5 37. h3 h5 38.
Rb6 f6 39. Kg2 g4 40. h4 Rb1 41. Rb8 b4 42. Rb6 b3 43. Rb8 Kf7 44. Rb6 f5
45. Kh2 Ke7 46. Rb5 Kd6 47. Kg2 Kc6 48. Rb8 Kc5 49. Rb7 Kc4 50. Rc7+ Kd3
51. Rd7+ Kc2 0-1

[Event "ch-Commonwealth"]
[Site "Mumbai IND"]
[Date "2004.01.14"]
[Round "5"]
[White "Russell,MKA"]
[Black "Deepan,C"]
[Result "1/2-1/2"]
[WhiteElo "2219"]
[BlackElo "2388"]
[EventDate "2004.01.10"]

1. e4 c5 2. Nf3 Nc6 3. Bb5 g6 4. Bxc6 bxc6 5. d3 Bg7 6. O-O d6 7. Nc3 e5 8.
Ne1 Nh6 9. f4 f6 10. fxe5 fxe5 11. Nf3 Nf7 12. Be3 O-O 13. Qd2 h6 14. Qf2
Kh7 15. Nh4 Nh8 16. Qg3 Be6 17. Nf3 Qe7 18. Bd2 Rae8 19. Nd1 g5 20. Ne3 Ng6
21. h3 Nf4 22. Rae1 Rf6 23. Qh2 Ref8 24. g4 Nxd3 25. Nxg5+ hxg5 26. cxd3
Rxf1+ 27. Rxf1 Rxf1+ 28. Kxf1 Qb7 29. b3 Qa6 30. Ke2 d5 31. exd5 cxd5 32.
h4 e4 33. hxg5+ Kg8 34. Qb8+ Bf8 35. Qe5 Bf7 36. Kd1 exd3 37. Nxd5 Qe6 38.
Nf6+ Kg7 39. Qxe6 Bxe6 40. Be3 c4 41. bxc4 Bxc4 42. Bxa7 Bb4 43. Bd4 Kg6
44. Ne4 Bd5 45. Bc3 Bxe4 46. Bxb4 1/2-1/2

[Event "ch-Commonwealth"]
[Site "Mumbai IND"]
[Date "2004.01.14"]
[Round "5"]
[White "Ramesh,R"]
[Black "Mohota,N"]
[Result "1/2-1/2"]
[WhiteElo "2506"]
[BlackElo "2337"]
[EventDate "2004.01.10"]

1. e4 Nf6 2. e5 Nd5 3. d4 d6 4. Nf3 Bg4 5. Be2 e6 6. O-O Be7 7. c4 Nb6 8.
exd6 cxd6 9. Nbd2 O-O 10. b4 a6 11. Bb2 Nc6 12. a3 Bf6 13. Qb3 d5 14. c5
Nd7 15. h3 Bh5 16. a4 Re8 17. b5 axb5 18. axb5 Na5 19. Qb4 e5 20. dxe5 Be7
21. Nb3 b6 22. Nxa5 bxa5 23. Qd2 Nxc5 24. Nd4 Bxe2 25. Qxe2 Qb6 26. Nc6 Ne6
27. Ra4 Nc7 28. Rd1 Bc5 29. Rg4 f5 30. Rf4 Nxb5 31. Nd4 Nxd4 32. Bxd4 Bxd4
33. Rfxd4 a4 34. Rxd5 a3 35. Rd6 Qb2 36. Qxb2 axb2 37. Rb1 Ra1 38. Rdd1
Rxb1 39. Rxb1 Rxe5 1/2-1/2